Catalog

Record Details

Catalog Search



You wouldn't want to live without vaccinations! / ... Read More

Rooney, Anne.(Author).
Antram, David, 1958-(illustrator.).

Available copies

  • 1 of 1 copy available at LARL/NWRL Consortium.
  • 1 of 1 copy available at Lake Agassiz Regional Library. (Show preferred library)

Current holds

0 current holds with 1 total copy.

Show Only Available Copies
Location Call Number / Copy Notes Barcode Shelving Location Status Due Date
Moorhead Public Library J 614.47 ROO (Text) 33500012041968 Main Available -

Record details

  • ISBN: 9780531213667 (library binding : alk. paper)
  • ISBN: 0531213668 (library binding : alk. paper)
  • ISBN: 9780531214091 (pbk. : alk. paper)
  • ISBN: 0531214095 (pbk. : alk. paper)
  • Physical Description: pages cm.
  • Publisher: New York : Franklin Watts, an imprint of Scholastic Inc., 2015.

Content descriptions

Bibliography, etc. Note:
Includes bibliographical references and index.
Target Audience Note:
8 plus.
Grade 4 to 6.
Subject: Vaccination > History > Juvenile literature.
LDR 01685cam a22004458i 4500
001177346
003LARL_NWRL_CONSORTIUM
00520150325085642.0
008150313s2016 nyu j b 001 0 eng
010 . ‡a2015009030
020 . ‡a9780531213667 (library binding : alk. paper)
020 . ‡a0531213668 (library binding : alk. paper)
020 . ‡a9780531214091 (pbk. : alk. paper)
020 . ‡a0531214095 (pbk. : alk. paper)
035 . ‡a(OCoLC)905089439
040 . ‡aDLC ‡beng ‡erda ‡cDLC ‡dOCLCO
042 . ‡apcc
05000. ‡aRA638 ‡b.R67 2015
08200. ‡a614.4/7 ‡223
1001 . ‡aRooney, Anne. ‡0(LARL_NWRL_CONSORTIUM)184289
24510. ‡aYou wouldn't want to live without vaccinations! / ‡cwritten by Anne Rooney ; illustrated by David Antram.
2463 . ‡aYou would not want to live without vaccinations
260 . ‡aNew York : ‡bFranklin Watts, an imprint of Scholastic Inc., ‡c2015.
300 . ‡apages cm.
336 . ‡atext ‡2rdacontent
337 . ‡aunmediated ‡2rdamedia
338 . ‡avolume ‡2rdacarrier
4900 . ‡aYou wouldn't want to live without
5211 . ‡a8 plus.
5212 . ‡aGrade 4 to 6.
504 . ‡aIncludes bibliographical references and index.
650 0. ‡aVaccination ‡xHistory ‡vJuvenile literature.
7001 . ‡aAntram, David, ‡d1958- ‡eillustrator. ‡0(LARL_NWRL_CONSORTIUM)116866
948 . ‡hNO HOLDINGS IN LAL - 1 OTHER HOLDINGS
994 . ‡aZ0 ‡bLAL
901 . ‡a177346 ‡bOCLC ‡c177346 ‡tbiblio

Additional Resources